| 000 | 00867nam a22001457a 4500 | ||
|---|---|---|---|
| 008 | 120621t xxu||||| |||| 00| 0 eng d | ||
| 050 | _aJK524.Ed7 | ||
| 100 | _aEdsall, Thomas Byrne | ||
| 245 |
_aChain reaction: the impact of race, rights and taxes on American politics. / _cThomas Byrne Edsall and Mary D. Edsall |
||
| 260 |
_aNew York: _bW.W. Norton, _c1991. |
||
| 300 |
_axii, 339 p.: _c20cm. |
||
| 505 | _aContents: Building a top-down coalition -- A Pivotal year -- After 1964: The fraying consensus -- The Nixon years -- The Conservative ascendance -- The Tax revolt -- Race, rights and party choice -- A Conservative policy majority -- The Reagan attack on race liberalism -- Coded language:groups taxes big government and special interests -- White suburbs and a divided black community -- The Stakes -- Notes | ||
| 700 | _aEdsall, Mary D. | ||
| 942 |
_2lcc _cBK |
||
| 999 |
_c1513 _d9013 |
||